| 000 | 00763nam a22002415i 4500 | ||
|---|---|---|---|
| 999 |
_c27912 _d27883 |
||
| 003 | EG-ScBUE | ||
| 005 | 20191217113501.0 | ||
| 008 | 191130s2018 ii f 000 0 eng d | ||
| 020 | _a9789331322340 | ||
| 040 |
_aEG-ScBUE _beng _erda _cEG-ScBUE _dEG-ScBUE |
||
| 082 | 0 | 4 |
_a428.0071 _bBRI _222 |
| 100 | 1 |
_aBrindhamani, M., _eauthor. |
|
| 245 | 1 | 0 |
_aLanguage education / _cM. Brindhamani. |
| 264 | 1 |
_aNew Delhi : _bA. P. H. Publishing Corporation : _bS. B. Nangia, _c2018. |
|
| 300 |
_a211 pages ; _c20 cm |
||
| 336 |
_atext _btxt _2rdacontent |
||
| 337 |
_aunmediated _bn _2rdamedia |
||
| 338 |
_avolume _bnc _2rdacarrier |
||
| 650 | 7 |
_aEnglish language _xStudy and teaching. _2BUEsh |
|
| 653 |
_bHHUUEENN _cNovember2019 |
||
| 655 | _vReading book | ||
| 942 |
_2ddc _cBB |
||